| 000 | 00452nam a2200169Ia 4500 | ||
|---|---|---|---|
| 003 | OSt | ||
| 005 | 20260317111802.0 | ||
| 008 | 211028s2017 xx 000 0 und d | ||
| 040 | _cAIMIT LIBRARY | ||
| 041 | _aeng | ||
| 100 |
_aConceicao, Cheryl Anne; R Manimozhi. _g141709 _94768 |
||
| 110 |
_aRoshan Suvaris _94769 |
||
| 245 | _aCommscope admin self services / | ||
| 260 |
_aGoa _c2017 |
||
| 710 |
_aBiblios Somyaji House _94770 |
||
| 942 |
_2ddc _cPRO |
||
| 999 |
_c217681 _d217681 |
||